Statistiques concernant Les plus grandes agglomérations de Lituanie

Cliquez ici pour prendre le quiz!

Statistiques générales

  • Ce quiz a été pris 18 fois
  • Le résultat moyen est 3 sur 5

Statistiques - réponses

PlaceHabitantsNom% Correct
1.820 000Agglomération de Vilnius
100%
2.336 912Agglomération de Kaunas
76%
3.172 272Agglomération de Klaipėda
47%
4.113 100Agglomération de Šiauliai
35%
5.95 218Agglomération de Panevėžys
24%

Distribution des résultats

Percentile par nombre de réponses

% des personnes avec chaque résultat

Votre développement - résultats

Vous n’avez pas pris ce quiz